Statistics for 6 Letter Words by Rhyme

Click here to take the quiz!

General Stats

  • This quiz has been taken 115 times
  • The average score is 16 of 18

Answer Stats

Clue Rhyme Word % Correct
Magical HumanLizardWizard
99%
Brother's SonCerfewNephew
98%
Think AboutBeckonReckon
97%
Small LaughWiggleGiggle
97%
Main Part of a SongPorusChorus
96%
KleenexIssueTissue
96%
Smashing SoundBunchCrunch
96%
Money During BlackmailHandsomeRansom
95%
To do with RaceFacialRacial
95%
PurposeSeasonReason
93%
Australian AnimalCombatWombat
93%
HammerPalletMallet
92%
ConcreteCommentCement
89%
Think AboutWanderPonder
88%
Small AnimalDieselWeasel
86%
ClawsGallonsTalons
82%
Given Task toCosineAssign
60%
Bomb/ Brick GlueBorderMortar
60%

Score Distribution

Percentile by Number Answered

Percent of People with Each Score

Your Score History

You have not taken this quiz